000 01141cam a2200337 a 4500
999 _c3662
_d3662
001 1194841
003 Nust
005 20170105101222.0
008 970904s1997 ii b 001 0 eng
010 _a 97904965
020 _a817445036X
025 _aI-E-97-904965; 79-31
040 _aDLC
_cDLC
_dDLC
042 _alcode
043 _aa-ii---
050 0 0 _aHT395.I5
_bS55 1997
082 0 0 _a338.954
_221
100 1 _aSharma, Subhash Chandra,
_d1954-
245 1 0 _aDecentralised planning in India /
_cS.C. Sharma, Jai Prakash, Anita Gupta.
260 _aNew Delhi :
_bMohit Publications,
_c1997.
300 _axii, 274 p. ;
_c22 cm.
504 _aIncludes bibliographical references (p. [267]-272) and index.
520 _aStudy to analyse the effect of decentralised planning at district level; case study of Alīgarh District, India.
650 0 _aRegional planning
_zIndia.
651 0 _aIndia
_xEconomic policy
_y1991-
700 1 _aPrakash, J.
_q(Jai),
_d1951-
700 1 _aGupta, Anita,
_d1968-
906 _a7
_bcbc
_corigode
_d3
_encip
_f19
_gy-gencatlg
942 _2ddc
_cBK